[Event "Neumarkt am Wallersee op 09th"]
[Site "Neumarkt am Wallersee"]
[Date "2010.08.25"]
[Round "5"]
[White "Kratschmer, Ernst"]
[Black "Hinteregger, Arthur"]
[Result "0-1"]
[WhiteElo "1789"]
[BlackElo "2215"]
[PlyCount "132"]
[EventDate "2010.08.21"]
[EventType "swiss"]
[EventRounds "9"]
[EventCountry "AUT"]
[SourceTitle "CBM 138 Extra"]
[Source "ChessBase"]
[SourceDate "2010.10.29"]
[SourceVersion "1"]
[SourceVersionDate "2010.10.29"]
[SourceQuality "1"]

1. d4 Nf6 2. Nf3 g6 3. Bf4 d6 4. Nc3 Nh5 5. Bd2 Bg7 6. e4 0-0 7. Be2 e5 8. dxe5 dxe5 9. Bg5 Qxd1+ 10. Rxd1 c6 11. Rd8 Rxd8 12. Bxd8 Nf4 13. 0-0 Nxe2+ 14. Nxe2 Be6 15. Rd1 Nd7 16. Be7 f6 17. Nd2 Kf7 18. Ba3 Nb6 19. Nb1 Bxa2 20. b3 Bxb1 21. Rxb1 Bf8 22. Bxf8 Kxf8 23. Rd1 Ke7 24. Kf1 Nd7 25. f3 a5 26. c4 Nc5 27. Rb1 Rd8 28. Ke1 f5 29. exf5 gxf5 30. Ng3 Ke6 31. Ke2 Rd3 32. b4 axb4 33. Rxb4 Rd4 34. Nh5 b5 35. Ng7+ Kf6 36. Ne8+ Kf7 37. Nc7 Rxc4 38. Rxc4 bxc4 39. Na8 Na4 40. Nc7 Ke7 41. Na6 c5 42. Nc7 Kd6 43. Nb5+ Kc6 44. Na3 Kd5 45. g3 c3 46. Nc2 f4 47. g4 c4 48. h4 e4 49. Nb4+ Kc5 50. Nc2 Kd5 51. Nb4+ Ke5 52. Nc6+ Kd6 53. Nd4 e3 54. g5 Ke7 55. Kd1 Nb6 56. Kc2 Nd5 57. h5 Kf7 58. Ne2 Ke6 59. Nd4+ Ke5 60. g6 Kf6 61. gxh7 Kg7 62. Kd1 Kxh7 63. Nc2 Kh6 64. Ke2 Kxh5 65. Kf1 Kh4 66. Ke2 Kg3 0-1

[Event "Bayern-ch Seniors 22nd"]
[Site "Bergen"]
[Date "2010.06.20"]
[Round "9"]
[White "Fels, Karl Heinz"]
[Black "Kratschmer, Ernst"]
[Result "0-1"]
[WhiteElo "1768"]
[BlackElo "1752"]
[PlyCount "110"]
[EventDate "2010.06.12"]
[EventType "swiss"]
[EventRounds "9"]
[EventCountry "GER"]
[SourceTitle "EXT 2011"]
[Source "ChessBase"]
[SourceDate "2010.11.26"]
[SourceVersion "1"]
[SourceVersionDate "2010.11.26"]
[SourceQuality "1"]

1. e4 c5 2. Nf3 Nc6 3. d4 cxd4 4. Nxd4 g6 5. Be3 Bg7 6. Nc3 Qa5 7. f3 Qb6 8. Na4 Qb4+ 9. c3 Qd6 10. Qd2 a6 11. Nb6 Rb8 12. 0-0-0 Nxd4 13. Bxd4 Bh6 14. Be3 Qxd2+ 15. Bxd2 Bxd2+ 16. Rxd2 d6 17. Bc4 Be6 18. Bxe6 fxe6 19. g4 Nf6 20. e5 Nd7 21. Nxd7 Kxd7 22. h4 Rhf8 23. Rd3 Rf4 24. exd6 exd6 25. Rhd1 d5 26. Re3 Rbf8 27. Rdd3 Kd6 28. Kd2 b5 29. b4 h5 30. Re2 Rxf3 31. gxh5 Rxd3+ 32. Kxd3 gxh5 33. Ke3 Rg8 34. Rh2 Rg3+ 35. Kd2 Rg4 36. a3 Ke5 37. Re2+ Kf5 38. Rf2+ Rf4 39. Rh2 e5 40. Ke3 Rc4 41. Kd3 e4+ 42. Kd2 Rc6 43. Rg2 Rg6 44. Rf2+ Ke5 45. Rh2 d4 46. cxd4+ Kxd4 47. Kc2 e3 48. Re2 Rg4 49. Rh2 Rf4 50. Rh3 Rf2+ 51. Kd1 Kd3 52. Kc1 Ra2 53. Kb1 Rxa3 54. Kb2 Ra4 55. Kb3 Kd2 0-1

[Event "Bayern-ch Seniors 22nd"]
[Site "Bergen"]
[Date "2010.06.14"]
[Round "3"]
[White "Kratschmer, Ernst"]
[Black "Reimann, Guenther"]
[Result "1-0"]
[WhiteElo "1752"]
[BlackElo "1810"]
[PlyCount "49"]
[EventDate "2010.06.12"]
[EventType "swiss"]
[EventRounds "9"]
[EventCountry "GER"]
[SourceTitle "EXT 2011"]
[Source "ChessBase"]
[SourceDate "2010.11.26"]
[SourceVersion "1"]
[SourceVersionDate "2010.11.26"]
[SourceQuality "1"]

1. d4 e6 2. Bf4 f5 3. e3 Nf6 4. Nf3 c6 5. Nbd2 Be7 6. Be2 0-0 7. h4 Nd5 8. Bh2 Bxh4 9. Bxb8 Nxe3 10. Qc1 Bxf2+ 11. Kxf2 Ng4+ 12. Kg3 Rxb8 13. Nc4 Qc7+ 14. Qf4 Qxf4+ 15. Kxf4 h6 16. Nd6 g5+ 17. Nxg5 hxg5+ 18. Kxg5 Kg7 19. Bxg4 fxg4 20. Rh6 Rh8 21. Rxh8 Kxh8 22. Kg6 Kg8 23. Rh1 b6 24. Nf7 Kf8 25. Kf6 1-0

[Event "Bayern-ch Seniors 22nd"]
[Site "Bergen"]
[Date "2010.06.13"]
[Round "2"]
[White "Wilfert, Eva Maria"]
[Black "Kratschmer, Ernst"]
[Result "0-1"]
[WhiteElo "1498"]
[BlackElo "1752"]
[PlyCount "100"]
[EventDate "2010.06.12"]
[EventType "swiss"]
[EventRounds "9"]
[EventCountry "GER"]
[SourceTitle "EXT 2011"]
[Source "ChessBase"]
[SourceDate "2010.11.26"]
[SourceVersion "1"]
[SourceVersionDate "2010.11.26"]
[SourceQuality "1"]

1. d4 Nf6 2. Nf3 g6 3. Bg5 Bg7 4. c3 c5 5. d5 b5 6. Bxf6 Bxf6 7. e4 Qb6 8. Be2 d6 9. 0-0 a5 10. Qc2 0-0 11. Nbd2 Nd7 12. a3 Bb7 13. Rab1 Ba6 14. Rfe1 Rab8 15. Nf1 Bc8 16. Ng3 Ne5 17. Nxe5 Bxe5 18. Nf1 f5 19. Bf3 fxe4 20. Bxe4 Bf5 21. Ne3 Bxe4 22. Qxe4 Rf4 23. Qc2 Rbf8 24. Rf1 b4 25. g3 Rf3 26. Nc4 Qb7 27. Nxe5 dxe5 28. c4 Qd7 29. Rbe1 Qd6 30. Qe4 R8f5 31. Re3 Qf6 32. Rxf3 Rxf3 33. axb4 axb4 34. Kg2 Rb3 35. Rb1 Kg7 36. h4 Qf5 37. Qxf5 gxf5 38. Kf1 e4 39. Ke2 Kf6 40. Kd2 Ke5 41. Ke2 Kd4 42. Rd1+ Kxc4 43. d6 exd6 44. Rxd6 Rxb2+ 45. Ke3 Rb3+ 46. Kf4 Rf3+ 47. Ke5 b3 48. Rd1 b2 49. Kf6 Kc3 50. Kg7 Kc2 0-1

[Event "Bayern-ch Seniors 22nd"]
[Site "Bergen"]
[Date "2010.06.12"]
[Round "1"]
[White "Kratschmer, Ernst"]
[Black "Goy, Udo"]
[Result "0-1"]
[WhiteElo "1752"]
[BlackElo "2093"]
[PlyCount "82"]
[EventDate "2010.06.12"]
[EventType "swiss"]
[EventRounds "9"]
[EventCountry "GER"]
[SourceTitle "EXT 2011"]
[Source "ChessBase"]
[SourceDate "2010.11.26"]
[SourceVersion "1"]
[SourceVersionDate "2010.11.26"]
[SourceQuality "1"]

1. d4 Nf6 2. Nf3 e6 3. Bf4 c5 4. e3 Qb6 5. b3 Nc6 6. Be2 d5 7. 0-0 Be7 8. dxc5 Qxc5 9. c4 dxc4 10. Bxc4 0-0 11. Nbd2 e5 12. Bg5 Bf5 13. Rc1 Qa5 14. Nh4 Bg4 15. Qc2 Rad8 16. Ne4 Nb4 17. Nxf6+ Bxf6 18. Qe4 Bxg5 19. Qxg4 Bxh4 20. Qxh4 Nxa2 21. Rcd1 Rxd1 22. Rxd1 Nc3 23. Bd3 h6 24. Rc1 Qa3 25. Rf1 Qxb3 26. Qg4 Qd5 27. Bc2 e4 28. h3 f5 29. Qh5 Qf7 30. Qh4 Kh7 31. Kh1 Ne2 32. f3 Qc7 33. Bxe4 Ng3+ 34. Kg1 Nxf1 35. Kxf1 Qc4+ 36. Kg1 fxe4 37. Qe7 Rf7 38. Qh4 Qc1+ 39. Kf2 Qd2+ 40. Kg3 Qxe3 41. Kh2 exf3 0-1